000 00771cam a2200265 a 4500
008
020 _a0881670189 (hbk.)
049 _aMAIN
050 1 0 _aRM301.S68 SPI
100 1 _aSpilker, Bert.
245 1 0 _aGuide to clinical studies and developing protocols /
_cBert Spilker.
260 _aNew York :
_bRaven Press,
_cc1984.
300 _axvii, 302 p. :
_bill. ;
_c24 cm.
500 _aIncludes index.
504 _aBibliographic references : p. 291-295.
650 0 _aClinical trials.
650 0 _aMedical protocols.
650 2 _aDrug Evaluation
_xmethods.
650 2 _aResearch Design.
907 _a.b10252137
_b18-07-12
_c02-10-07
003
005 20230120203954.0
040 _cNUST
942 _cBOOKS
999 _c114841
_d114841